Normale Ansicht MARC-Ansicht ISBD

Partija "Sojuz 17 oktjabrja" : (Titelsatznr. 13049)

[ MARC ]
MARC-Details
000 -Satzkennung
Kontrollfeld mit fester Länge 00754nac a22002531ca4500
001 - Kontrollnummer
Kontrollfeld a987687955
008 - Feld mit fester Länge zur physischen Beschreibung - Allgemeine Angaben
Kontrollfeld mit fester Länge 991231m19962000gw |||| 000u rus d
020 ## - Internationale Standardbuchnummer
Internationale Standardbuchnummer 5860040660
Verknüpfung 5-86004-066-0
041 ## - Sprachcode
Sprachcode des Textes/der Tonspur oder des separaten Titels rus
040 ## - Katalogisierungsquelle
Übertragungsstelle RU-10907106
003 - Kontrollnummer Identifier
Kontrollfeld RU-10907106
110 0# - Haupteintragung - Körperschaftsname
Körperschafts- oder Gebietskörperschaftsname als Eintragungselement Sojuz Semnadcatogo Oktjabrja
245 00 - Titel
Titel Partija "Sojuz 17 oktjabrja" :
Zusatz zum Titel Protokoly s'ezdov i zasedanij CK ;
264 ## - Produktion, Veröffentlichung, Distribution, Herstellung und Urheberrechtsvermerk
Herstellungs-, Veröffentlichungs- Vertriebs-, Erzeugungsort Moskva :
Produzent, Herausgeber, Distributor, Hersteller ROSSPEN,
Datum der Herstellung, der Veröffentlichung, des Vertriebs oder des Urheberschutzvermerks 1996-2000
490 #0 - Gesamttitelangabe
Gesamttitelangabe Političeskie partii Rossii : konec XIX - pervaja tret' XX veka
Bandnummer/Folgebezeichnung dokumental'noe nasledie
648 #0 - Nebeneintragung unter einem Schlagwort - Zeitschlagwort
Zeitschlagwort <1905-1915>
650 #0 - Nebeneintragung unter einem Schlagwort - Sachschlagwort
Sachschlagwort oder geografischer Name als Eintragungselement Oktobristen
650 #0 - Nebeneintragung unter einem Schlagwort - Sachschlagwort
Sachschlagwort oder geografischer Name als Eintragungselement Politische Parteien
655 #0 - Indexierungsterm - Genre/Form
Genre/Form oder fokussierter Term Quelle
700 1# - Nebeneintragung - Personenname
Personenname Pavlov, Dmitrij B.
Funktionsbezeichnung HerausgeberIn
910 00 - USER-OPTION DATA (OCLC)
User-option data Bände 1-2
942 ## - Zusätzliche Felder (Koha)
Koha-Medientyp Monographien
Exemplare
Ausgeschieden Verloren Beschädigt Nicht entleihbar Heimatbibliothek Aufenthaltsbibliothek Aufstellungsort Erwerbungsdatum Heft/Jahrgang Inventarnummer Signatur Barcode Letzte Aktivität Preis gültig von Koha-Medientyp
        MWN Osteuropa MWN Osteuropa Magazin - 2 22/03/2021 Bände 1-2 17-03393 Ersatzß 2 Bände R 55 ej Pav 1 (Bd.) 13052 23/02/2021 22/03/2021 Monographien